[Event "Montenegro Festival Mix-01 2021"]
[Site "Podgorica"]
[Date "2021.03.20"]
[Round "2.3"]
[White "Kisic, Bozidar"]
[Black "Suleymanli, Aydin"]
[Result "0-1"]
[WhiteElo "2233"]
[BlackElo "2512"]
[Annotator "ChessBase"]
[PlyCount "60"]
[EventDate "2021.02.26"]
[EventType "swiss"]
[EventCountry "MNE"]
[SourceTitle "playchess.com"]
[Source "ChessBase"]
[SourceQuality "1"]
[TimeControl "40/5400+30:900+30"]

1. d4 {[%emt 0:06:38]} d5 {[%emt 0:00:29]} 2. Bf4 {[%emt 0:00:16]} Nf6 {[%emt 0:00:46]} 3. Nc3 {[%emt 0:00:17]} a6 {[%emt 0:00:48]} 4. e3 {[%emt 0:03:45]} b5 {[%emt 0:10:52]} 5. a3 {[%emt 0:03:53]} e6 {[%emt 0:00:42]} 6. Nf3 {[%emt 0:17:06]} c5 {[%emt 0:07:00]} 7. dxc5 {[%emt 0:07:37]} Bxc5 {[%emt 0:00:23]} 8. Bd3 {[%emt 0:01:41]} Bb7 {[%emt 0:01:07]} 9. Qe2 {[%emt 0:04:47]} Nc6 {[%emt 0:06:54]} 10. e4 {[%emt 0:05:43]} Nd4 {[%emt 0:01:39]} 11. Nxd4 {[%emt 0:01:40]} Bxd4 {[%emt 0:00:18]} 12. e5 {[%emt 0:10:33]} Nd7 {[%emt 0:08:19]} 13. O-O {[%emt 0:02:14]} g5 {[%emt 0:06:10]} 14. Be3 {[%emt 0:05:34]} Bxe5 {[%emt 0:01:21]} 15. Qh5 {[%emt 0:00:21]} h6 {[%emt 0:17:53]} 16. f4 {[%emt 0:06:16]} Bf6 {[%emt 0:02:28]} 17. Ne2 {[%emt 0:05:16]} Qe7 {[%emt 0:03:19]} 18. a4 {[%emt 0:02:40]} b4 {[%emt 0:02:30]} 19. c3 {[%emt 0:04:37]} gxf4 {[%emt 0:03:33]} 20. Nxf4 {[%emt 0:02:47]} bxc3 {[%emt 0:08:00]} 21. bxc3 {[%emt 0:00:15]} Rg8 {[%emt 0:00:31]} 22. Bd4 {[%emt 0:02:14]} e5 {[%emt 0:06:03]} 23. Rfe1 {[%emt 0:00:42]} O-O-O {[%emt 0:01:26]} 24. Bxa6 {[%emt 0:04:28]} Bxa6 {[%emt 0:00:37]} 25. Nxd5 {[%emt 0:00:03]} Qd6 {[%emt 0:00:42]} 26. Nxf6 {[%emt 0:01:04]} Qxf6 {[%emt 0:00:02]} 27. Bxe5 {[%emt 0:00:27]} Nxe5 {[%emt 0:00:04]} 28. Rxe5 {[%emt 0:00:07]} Rxg2+ {[%emt 0:00:42]} 29. Kxg2 {[%emt 0:00:36]} Bb7+ {[%emt 0:01:02]} 30. Kg3 {[%emt 0:00:44]} Rd3+ {[%emt 0:00:13]} 0-1

[Event "Montenegro Festival Mix-01 2021"]
[Site "Podgorica"]
[Date "2021.03.20"]
[Round "2.4"]
[White "Sanal, Vahap"]
[Black "Vujovic, Savo"]
[Result "1-0"]
[WhiteElo "2571"]
[BlackElo "2187"]
[Annotator "TA"]
[PlyCount "61"]
[EventDate "2021.02.26"]
[EventType "swiss"]
[EventCountry "MNE"]
[SourceTitle "playchess.com"]
[Source "ChessBase"]
[SourceQuality "1"]

{[%evp 9,61,2,0,0,12,-24,18,22,25,10,21,-14,16,2,16,14,14,24,45,50,38,28,43,25,29,26,179,194,195,189,181,179,255,243,245,237,339,339,331,326,477,479,493,490,485,481,554,556,29972,6273,29976,5397,5385,2714]} 1. e4 c5 2. Nc3 Nc6 3. Bb5 Nd4 4. a4 g6 5. Nge2 Bg7 6. O-O {B23: Closed Sicilian: Lines without g3.} e6 7. Bc4 {[#]} Nxe2+ $146 ({Predecessor:} 7... Ne7 8. Nxd4 cxd4 9. Nb1 O-O 10. d3 d5 11. exd5 Nxd5 12. Nd2 b6 13. Nf3 Bb7 {0-1 (64) Abreu Guerrero,J (1822)-Sanz Ogaya,M (2023) Mollet del Valles 2016}) 8. Qxe2 {The position is equal.} Ne7 9. d3 O-O 10. Ba2 h6 11. Be3 d6 12. Qd2 Kh7 13. d4 b6 14. Rad1 Bb7 15. f3 Qc8 16. Qf2 c4 17. Qh4 g5 $2 {This costs Black the game.} (17... f6 $11 {and Black is okay.}) 18. Bxg5 $18 Ng6 19. Qh3 a6 20. Ne2 f5 {[#]} (20... e5 $142) 21. exf5 $1 exf5 22. Nf4 Qe8 (22... Nxf4 $142 23. Bxf4 Qc6) 23. Rfe1 Nxf4 24. Bxf4 Qxa4 {[#]} (24... Qg6 {was worth a try.} 25. Bxc4 Rae8) 25. Bxh6 $1 {[%mdl 512] Re7! would kill now.} Rae8 ({Worse is} 25... Qxa2 26. Re7 Rf7 27. Rxf7 Qa5 28. Rxg7+ Kh8 29. Rxb7 Qe1+ 30. Rxe1 Kg8 31. Qxf5 Kh8 32. Qh7#) 26. Bxg7+ Kxg7 27. Qg3+ {[%mdl 64] Double Attack} Kf7 28. Qxd6 Bxf3 29. gxf3 Qxc2 30. Qc7+ (30. Kh1 $142 Rg8 31. Qc7+ Kf6 32. Qc6+ {[%mdl 64] Double Attack} Kg7 33. Bxc4 {[%mdl 64] Double Attack} Qxd1 34. Rxd1 Kh7 35. Bxg8+ Rxg8 36. Re1) 30... Kf6 31. Qc6+ {Weighted Error Value: White=0.06/Black=0.82} 1-0

[Event "Montenegro Festival Mix-01 2021"]
[Site "Podgorica"]
[Date "2021.03.20"]
[Round "2.5"]
[White "Djukic, Nikola"]
[Black "Injac, Teodora"]
[Result "1-0"]
[WhiteElo "2521"]
[BlackElo "2319"]
[Annotator "ChessBase"]
[PlyCount "93"]
[EventDate "2021.02.26"]
[EventType "swiss"]
[EventCountry "MNE"]
[SourceTitle "playchess.com"]
[Source "ChessBase"]
[SourceQuality "1"]
[TimeControl "40/5400+30:900+30"]

1. e4 {[%emt 0:03:32]} c5 {[%emt 0:00:00]} 2. Nf3 {[%emt 0:00:08]} d6 {[%emt 0:00:00]} 3. d4 {[%emt 0:00:07]} cxd4 {[%emt 0:00:00]} 4. Nxd4 {[%emt 0:00:05]} Nf6 {[%emt 0:00:00]} 5. Nc3 {[%emt 0:00:07]} a6 {[%emt 0:00:00]} 6. h3 {[%emt 0:00:05]} e5 {[%emt 0:01:07]} 7. Nf3 {[%emt 0:00:07]} Be7 {[%emt 0:01:23]} 8. Bc4 {[%emt 0:00:07]} Be6 {[%emt 0:01:14]} 9. Qe2 {[%emt 0:00:08]} O-O {[%emt 0:07:29]} 10. Bg5 {[%emt 0:02:32]} b5 {[%emt 0:05:52]} 11. Bb3 {[%emt 0:00:35]} Nbd7 {[%emt 0:08:40]} 12. Rd1 {[%emt 0:01:05]} Qc7 {[%emt 0:13:09]} 13. O-O {[%emt 0:06:09]} Rac8 {[%emt 0:05:02]} 14. a3 {[%emt 0:12:23]} Nb6 {[%emt 0:08:09]} 15. Bxf6 {[%emt 0:04:35]} Bxf6 {[%emt 0:00:51]} 16. Rd3 {[%emt 0:00:16]} Be7 {[%emt 0:16:48]} 17. Nh2 {[%emt 0:06:22]} Qc5 {[%emt 0:10:46]} 18. Ng4 {[%emt 0:05:43]} Bg5 {[%emt 0:01:36]} 19. Rb1 {[%emt 0:15:32]} Nc4 {[%emt 0:08:51]} 20. Nh2 {[%emt 0:03:16]} Qa7 {[%emt 0:03:40]} 21. Qh5 {[%emt 0:04:33]} Bd8 {[%emt 0:00:57]} 22. Bxc4 {[%emt 0:02:57]} Bxc4 {[%emt 0:00:04]} 23. Rxd6 {[%emt 0:00:08]} Bb6 {[%emt 0:00:09]} 24. Rd2 {[%emt 0:05:18]} Bd4 {[%emt 0:02:14]} 25. Nd1 {[%emt 0:00:25]} Qb7 {[%emt 0:00:45]} 26. Qh4 {[%emt 0:01:57]} Rc6 {[%emt 0:01:33]} 27. Ng4 {[%emt 0:01:25]} f6 {[%emt 0:02:04]} 28. Nde3 {[%emt 0:03:19]} Be6 {[%emt 0:00:25]} 29. c3 {[%emt 0:00:24]} Bc5 {[%emt 0:00:52]} 30. Nf5 {[%emt 0:02:37]} Bxf5 {[%emt 0:00:37]} 31. exf5 {[%emt 0:00:07]} Rc7 {[%emt 0:00:31]} 32. Rbd1 {[%emt 0:00:21]} Qc8 {[%emt 0:00:33]} 33. Qg3 {[%emt 0:01:30]} Kh8 {[%emt 0:00:32]} 34. Qf3 {[%emt 0:00:12]} Re7 {[%emt 0:00:29]} 35. Qe4 {[%emt 0:01:18]} g6 {[%emt 0:00:01]} 36. Nxf6 {[%emt 0:02:00]} gxf5 {[%emt 0:00:19]} 37. Qe2 {[%emt 0:02:08]} e4 {[%emt 0:01:11]} 38. Nd7 {[%emt 0:01:38]} Rg8 {[%emt 0:00:31]} 39. Nxc5 {[%emt 0:01:32]} Qxc5 {[%emt 0:00:02]} 40. Rd5 {[%emt 0:00:00]} Qc8 {[%emt 0:00:00]} 41. Qe3 {[%emt 0:02:21]} Reg7 {[%emt 0:06:33]} 42. g3 {[%emt 0:05:16]} Qc7 {[%emt 0:08:31]} 43. Kf1 {[%emt 0:03:45]} Qc4+ {[%emt 0:01:21]} 44. Kg2 {[%emt 0:00:18]} Qc8 {[%emt 0:01:33]} 45. Qf4 {[%emt 0:01:24]} Qc6 {[%emt 0:00:30]} 46. Kh2 {[%emt 0:01:27]} Qb6 {[%emt 0:00:03]} 47. R1d4 {[%emt 0:00:36]} 1-0

[Event "Montenegro Festival Mix-01 2021"]
[Site "Podgorica"]
[Date "2021.03.20"]
[Round "2.6"]
[White "Blagojevic, Dragisa"]
[Black "Alivodic, Dario"]
[Result "1-0"]
[WhiteElo "2489"]
[BlackElo "2189"]
[Annotator "TA"]
[PlyCount "149"]
[EventDate "2021.02.26"]
[EventType "swiss"]
[EventCountry "MNE"]
[SourceTitle "playchess.com"]
[Source "ChessBase"]
[SourceQuality "1"]

{[%evp 22,149,33,25,34,25,33,37,37,29,43,32,35,24,34,33,23,21,57,62,84,56,54,56,64,39,39,30,30,31,30,30,32,23,23,22,35,29,38,16,27,9,30,26,29,29,29,21,24,9,9,2,2,0,1,1,1,1,1,1,2,0,2,0,1,0,20,20,20,20,22,22,22,0,278,90,90,91,91,91,92,94,447,431,456,350,777,715,29971,29972,29970,29971,29971,29974,29974,29973,29973,11955,6072,6111,29989,29990,29990,29991,29991,29992,29992,29991,29991,29990,29990,29990,29990,29984,29987,29985,29985,29986,29985,0,29980,0,29984,0,29990,29988,29988,29984,29984,29985]} 1. d4 d5 2. c4 c6 3. Nc3 e6 4. e3 Nf6 5. Nf3 Nbd7 6. Qc2 Bd6 7. b3 O-O 8. Be2 e5 9. cxd5 Nxd5 10. Nxd5 cxd5 11. dxe5 Nxe5 12. Bb2 Nxf3+ {D45: Semi-Slav: 5 e3.} 13. Bxf3 Bb4+ 14. Kf1 Be6 {White is slightly better.} 15. Qd3 Qa5 16. a3 Be7 17. Ke2 {[#]} Rfc8 $146 ({Predecessor:} 17... Rac8 18. Rhd1 Rfd8 19. b4 Qa4 20. Rac1 Bd7 21. Rxc8 Rxc8 22. Qxd5 Bc6 23. Qd4 Bf6 {1-0 (47) Anderton,D-Smith,P England 1994}) 18. Rhc1 Rc6 19. b4 Qa4 20. Kf1 Rac8 21. Rxc6 Qxc6 22. Rc1 Qd7 23. Rxc8+ (23. Rd1 {looks sharper.} Rd8 24. Kg1 f6 25. g3 b6 26. Qa6) 23... Qxc8 24. Qc3 (24. h3 {is interesting.} Qc7 25. Qc3 Qxc3 26. Bxc3 Kf8 27. Ke2) 24... Qxc3 25. Bxc3 $11 {[%mdl 4096] Endgame KBB-KBB} Kf8 26. Ke2 g6 27. Bd4 b6 28. Kd3 Ke8 29. Kc3 Kd7 30. Be5 Kc6 31. Bd1 f6 32. Bd4 a6 33. Ba4+ b5 34. Bb3 Bf5 35. f3 h5 36. h3 Bb1 37. g4 hxg4 38. hxg4 f5 39. gxf5 Bxf5 40. Bd1 Bb1 41. Bb3 Bd8 42. Bd1 a5 43. Be2 a4 44. Bf1 Bg5 45. Bg2 Ba2 46. Bh3 Bc4 47. Be6 Be2 $2 {[%mdl 8192]} (47... Bxe3 $11 48. Bxe3 d4+ {[%mdl 64] Discovered Attack} 49. Kxd4 Bxe6) 48. Bf7 $2 (48. f4 $18 Bd8 49. Kd2) 48... Bxf3 $16 49. Be8+ ({Reject} 49. Bxg6 $6 Kd6 $11) 49... Kd6 50. Bxb5 Bh4 51. Kd2 Bf2 $2 {[%mdl 8192]} (51... Ke6 $16 {is tougher.}) 52. Bxa4 $18 g5 53. b5 g4 $2 (53... Bg4 54. Bc2 Be6) 54. b6 g3 {[#]} 55. Be5+ $1 {[%mdl 576] Promotion} Kxe5 56. b7 g2 57. b8=Q+ Kf6 58. Qf8+ Ke6 59. Qe8+ Kf6 60. Qd8+ Kf5 61. Bd7+ Kg6 62. Qg8+ Kh5 63. Qh7+ Kg5 64. Qf5+ Kh6 65. Qf6+ Kh7 66. Bf5+ Kg8 67. Be6+ {[%mdl 64] [#] Discovered Attack} Kh7 68. Qf5+ Kh6 69. Qf8+ Kg6 70. Qf5+ Kh6 71. Qf6+ Kh7 72. Bf5+ Kg8 73. Bg6 {White mates.} Bxe3+ 74. Kc2 ({And not} 74. Kxe3 g1=Q+ 75. Kf4 Qc1+ 76. Kg3 Qg1+ 77. Kf4 Qc1+ 78. Kg3 Qg1+ 79. Kf4 $11) 74... Be4+ 75. Kb3 {Weighted Error Value: White=0.11/Black=0.52} ({Weaker is} 75. Bxe4 g1=Q $14) 1-0

[Event "Montenegro Festival Mix-01 2021"]
[Site "Podgorica"]
[Date "2021.03.20"]
[Round "2.7"]
[White "Tomic, Aleksandar"]
[Black "Pobor, Milo"]
[Result "1-0"]
[WhiteElo "2360"]
[BlackElo "2105"]
[Annotator "NA"]
[PlyCount "45"]
[EventDate "2021.02.26"]
[EventType "swiss"]
[EventCountry "MNE"]
[SourceTitle "playchess.com"]
[Source "ChessBase"]
[SourceQuality "1"]
[TimeControl "40/5400+30:900+30"]

1. d4 {[%emt 0:20:15]} Nf6 {[%emt 0:00:00]} 2. c4 {[%emt 0:00:30]} c5 {[%emt 0:00:00]} 3. d5 {[%emt 0:00:22]} g6 {[%emt 0:00:00]} 4. Nc3 {[%emt 0:00:50]} Bg7 {[%emt 0:00:02]} 5. e4 {[%emt 0:00:20]} d6 {[%emt 0:00:22]} 6. Bd3 {[%emt 0:01:34]} O-O {[%emt 0:00:17]} 7. Nge2 {[%emt 0:01:37]} e6 {[%emt 0:02:56]} 8. O-O {[%emt 0:02:31]} exd5 {[%emt 0:02:59]} 9. exd5 {[%emt 0:00:17]} Re8 {[%emt 0:01:33]} 10. h3 {[%emt 0:01:09]} a6 {[%emt 0:07:46]} 11. a4 {[%emt 0:01:36]} Nbd7 {[%emt 0:03:02]} 12. f4 {[%emt 0:00:30]} Nh5 {[%emt 0:17:10]} 13. g4 {[%emt 0:11:22]} Bxc3 {[%emt 0:20:15]} 14. bxc3 {[%emt 0:08:09]} Ng7 {[%emt 0:00:32]} 15. Qe1 {[%emt 0:08:00]} h5 {[%emt 0:07:54]} 16. Qg3 {[%emt 0:01:14]} Nf6 {[%emt 0:13:39]} 17. f5 {[%emt 0:06:34]} hxg4 {[%emt 0:04:04]} 18. hxg4 {[%emt 0:03:41]} gxf5 {[%emt 0:01:39]} 19. gxf5 {[%emt 0:01:05]} Nfh5 {[%emt 0:00:12]} 20. Qg2 {[%emt 0:01:04]} f6 {[%emt 0:03:21]} 21. Bh6 {[%emt 0:01:41]} Qe7 {[%emt 0:00:53]} 22. Ng3 {[%emt 0:02:57]} Nxg3 {[%emt 0:01:17]} 23. Qxg3 {[%emt 0:00:25]} 1-0

[Event "Montenegro Festival Mix-01 2021"]
[Site "Podgorica"]
[Date "2021.03.20"]
[Round "2.8"]
[White "Sukovic, Andrej"]
[Black "Djurovic, Peko"]
[Result "1-0"]
[WhiteElo "2282"]
[BlackElo "2062"]
[Annotator "TA"]
[PlyCount "89"]
[EventDate "2021.02.26"]
[EventType "swiss"]
[EventCountry "MNE"]
[SourceTitle "playchess.com"]
[Source "ChessBase"]
[SourceQuality "1"]

{[%evp 12,89,29,-28,39,41,44,51,45,34,131,131,133,142,145,142,158,141,184,150,152,152,195,195,213,206,207,204,275,281,268,285,278,273,266,226,418,408,373,364,309,285,402,301,313,303,325,237,454,447,468,356,608,599,603,600,29968,29971,29966,29971,29968,29972,29969,29969,29970,29973,29978,29979,29980,29980,29981,29981,29983,29984,29989,29990,29991,29992,29995,29996]} 1. e4 c5 2. Nf3 Nc6 3. d4 cxd4 4. Nxd4 e5 5. Ne2 Nf6 6. Nbc3 d6 7. h3 (7. g3 $142) 7... Be7 {B56: Classical Sicilian: Unusual Lines.} (7... Be6 $11) 8. g4 $14 Be6 9. Bg2 h6 {White is slightly better.} 10. Be3 {[#]} g5 $146 (10... O-O $14) ({Predecessor:} 10... Qa5 11. O-O O-O 12. Qd2 Rfd8 13. Rad1 Rac8 14. Nd5 Bxd5 15. exd5 Qxd2 16. Rxd2 Na5 {1-0 (37) Perez Pastora,E (2052)-Moreno Oller,V (1784) Barcelona 2019}) 11. Ng3 $16 Na5 12. b3 Rc8 13. Nd5 Nc6 {[%cal Ba5c6,Bc6b4,Bb4c2][%mdl 32]} 14. O-O Qd7 15. Qf3 Bxd5 16. exd5 Nb4 17. c4 (17. Bxa7 Nbxd5 18. c4 Nf4 $14) 17... Nc2 18. Rac1 (18. Bxa7 Nxa1 19. Rxa1 b5 $11) 18... Nxe3 19. fxe3 (19. Qxe3 $6 b6 $16) 19... Rh7 20. Qe2 h5 {[%cal Rh5g4] [#]} 21. Rxf6 $1 {[%mdl 512]} Bxf6 {[#]} 22. Be4 $1 {[%cal Re4h7]} Rh8 23. Qf3 ({Much less strong is} 23. Nxh5 $6 Qe7 $16) 23... Bd8 (23... Qe7 24. Rf1 hxg4 25. hxg4 Rh3) 24. Bf5 $18 {[%mdl 64] Skewer} Qc7 25. Bxc8 Qxc8 26. Rf1 {[%csl Gf1][%cal Rf3f7]} ({Don't take} 26. Nxh5 Kf8 $18) 26... Rh7 (26... Qd7 $142 27. gxh5 f6) 27. Nxh5 Qd7 28. Kg2 Kf8 29. Ng3 b5 $2 (29... b6 30. Qe2 Kg8) 30. Qf5 f6 31. cxb5 Qb7 $2 (31... Qxf5 32. Nxf5 Bc7) 32. Ne4 {[%mdl 64] Double Attack} Rf7 33. Qe6 Be7 34. Nxf6 {White mates.} Bxf6 35. Rxf6 Rxf6 36. Qxf6+ {[%mdl 4160] Endgame Double Attack. KQ-KQ} Kg8 37. Qg6+ Kh8 38. Qxd6 Qxb5 39. Qxe5+ Kh7 40. Qxg5 Qe2+ 41. Kg3 Qxa2 42. d6 Qxb3 43. d7 Qb8+ 44. Kh4 Qb2 45. Qf5+ {Weighted Error Value: White=0.15/Black=0.51} 1-0

[Event "Montenegro Festival Mix-01 2021"]
[Site "Podgorica"]
[Date "2021.03.20"]
[Round "3.1"]
[White "Suleymanli, Aydin"]
[Black "Nikcevic, Nebojsa"]
[Result "1-0"]
[WhiteElo "2512"]
[BlackElo "2412"]
[Annotator "TA"]
[PlyCount "69"]
[EventDate "2021.02.26"]
[EventType "swiss"]
[EventCountry "MNE"]
[SourceTitle "playchess.com"]
[Source "ChessBase"]
[SourceQuality "1"]

{[%evp 11,69,-10,0,0,0,0,0,-12,0,-4,-2,-33,-22,-54,-41,-39,-34,-44,-24,-41,-35,-44,0,0,0,-34,-25,-33,-18,-69,-44,-69,0,0,-8,-97,7,-51,40,-24,19,0,18,6,52,30,358,368,364,368,358,335,358,376,360,360,368,367,365,348]} 1. d4 d5 2. Nf3 e6 3. Bf4 Bd6 4. Bg3 Nf6 5. Nbd2 O-O 6. e3 b6 7. Ne5 {D02: 1 d4 d5 2 Nf3 sidelines, including 2...Nf6 3 g3 and 2...Nf6 3 Bf4.} c5 8. c3 Qc7 9. f4 {[#] The position is equal.} c4 $146 ({Predecessor:} 9... Ba6 10. Bxa6 Nxa6 11. Bh4 Nd7 12. Qg4 f5 13. Qe2 Nab8 14. O-O Nc6 15. g4 Bxe5 16. fxe5 {1-0 (31) Aronian,L (2775)-Karjakin,S (2754) Moscow 2019}) 10. Be2 b5 11. a3 Nbd7 12. O-O Nb6 13. Bf3 Bb7 14. Qc2 Ne8 15. Bh4 f6 16. Bg4 f5 17. Bh3 Nf6 18. g4 Bxe5 19. fxe5 Nxg4 20. Rf3 (20. Bxg4 $11 fxg4 21. Qd1) 20... Kh8 21. Rg3 Qf7 (21... Bc6 $15) 22. Rf1 $11 Nh6 23. Rf4 (23. Kh1 $11) 23... Rg8 (23... a5 $17) 24. Nf3 (24. Bg5 $11) 24... Raf8 (24... Bc8 $1 $15) 25. Kh1 ({Better is} 25. Bg5 $14) 25... Qe8 26. Bg5 $1 a5 27. Rh4 {[%cal Bf4h4,Bh4h6,Bh6b6][%mdl 32]} b4 28. Qg2 Nf7 {[%mdl 8192] [#] This move loses the game for Black.} (28... bxc3 $11 29. bxc3 Nd7) 29. Bxf5 $1 $18 {[%mdl 512]} exf5 {[#]} 30. Qh3 $1 {[%csl Gh3][%cal Rh4h7]} Nh6 31. Bxh6 gxh6 32. Rxh6 {[%csl Gh3][%cal Rh6h7][%mdl 64] Double Attack. White is winning.} Qe7 ({Wrong is} 32... Rxg3 $2 33. Rxh7+ Kg8 34. Rh8+ Kf7 35. Qh7+ Ke6 36. Qh6+ Qg6 37. Qxf8 $18) 33. Rxb6 Bc8 34. Qh6 bxa3 35. bxa3 {Weighted Error Value: White=0.19/Black=0.40} 1-0

[Event "Montenegro Festival Mix-01 2021"]
[Site "Podgorica"]
[Date "2021.03.20"]
[Round "3.2"]
[White "Thybo, Jesper Sondergaard"]
[Black "Can, Isik"]
[Result "1/2-1/2"]
[WhiteElo "2572"]
[BlackElo "2380"]
[Annotator "TA"]
[PlyCount "50"]
[EventDate "2021.02.26"]
[EventType "swiss"]
[EventCountry "MNE"]
[SourceTitle "playchess.com"]
[Source "ChessBase"]
[SourceQuality "1"]

{[%evp 9,50,31,31,31,28,16,29,29,54,33,32,32,32,30,34,35,55,33,43,22,23,-17,-8,-14,0,0,0,0,0,0,0,0,0,0,0,0,0,0,0,0,0,0,0]} 1. c4 c6 2. Nf3 Nf6 3. Nc3 d5 4. e3 Bg4 5. Qb3 Qb6 6. Qxb6 {A11: English Opening: 1...c6.} axb6 7. cxd5 Bxf3 8. gxf3 {White has an edge.} cxd5 9. d4 e6 10. Bd2 {[#]} Nc6 $146 ({Predecessor:} 10... Be7 11. Bb5+ Nbd7 12. e4 dxe4 13. fxe4 Bb4 14. f3 Ra5 15. Be2 O-O 16. a3 Be7 {½-½ (51) Virovlansky,S (2448)-Nesterov,D (2018) Nizhnij Novgorod 2007}) 11. Rc1 Kd7 12. Bd3 Bd6 13. Ke2 Rhc8 14. Bb5 Ne8 15. Na4 Bc7 {The position is equal.} 16. b3 Bd8 17. Bd3 g6 18. Nc3 Nd6 19. a4 Be7 20. Nb5 Nxb5 21. Bxb5 Kd8 22. Ra1 Nb4 23. Rhc1 Nc2 24. Ra2 Nb4 25. Raa1 Nc2 {Weighted Error Value: White=0.05/Black=0.04} 1/2-1/2

[Event "Montenegro Festival Mix-01 2021"]
[Site "Podgorica"]
[Date "2021.03.20"]
[Round "3.3"]
[White "Delchev, Aleksander"]
[Black "Sanal, Vahap"]
[Result "0-1"]
[WhiteElo "2526"]
[BlackElo "2571"]
[Annotator "TA"]
[PlyCount "46"]
[EventDate "2021.02.26"]
[EventType "swiss"]
[EventCountry "MNE"]
[SourceTitle "playchess.com"]
[Source "ChessBase"]
[SourceQuality "1"]

{[%evp 12,46,16,-6,0,-24,-35,-26,-12,-6,-20,-35,-11,-12,-8,-4,-6,-12,-7,-31,0,0,0,-106,-97,-89,-93,-103,-103,-105,-102,-98,-83,-157,-107,-593,-585]} 1. e4 e5 2. Nf3 Nc6 3. d4 exd4 4. Nxd4 Bc5 5. Be3 Qf6 6. c3 Nge7 7. g3 {7.Bb5 is setting a new trend.} h5 {C45: Scotch Game.} 8. h3 d5 9. Bg2 dxe4 {Black has an edge.} 10. Nd2 Bxd4 11. Nxe4 {[#]} Bxc3+ 12. Nxc3 Be6 13. O-O Qf5 {[#]} 14. b4 $146 {[%cal Bb2b4,Bb4b5][%mdl 32]} ({Predecessor:} 14. Qa4 O-O 15. Rad1 a6 16. Bf4 Rac8 17. Rd2 Rfd8 18. Rxd8+ Rxd8 19. Rd1 Rd3 20. Qc2 Rd7 21. Qxf5 Rxd1+ 22. Nxd1 Nxf5 23. Bxc7 Bxa2 24. Nc3 Be6 {½-½ (24) Kunz,H (2329)-Sodomski,A (2295) ICCF email 2018}) 14... O-O 15. b5 Nb4 16. Be4 Qxh3 {White must now prevent ...Rad8.} 17. Bc5 {[#]} (17. Bg2 $11 Qf5 18. Be4) 17... Rfd8 $1 $17 18. Qf3 Nbd5 {[%cal Bb4d5,Bd5e7,Be7f5,Bf5d4][%mdl 32]} 19. Bxe7 Nxe7 20. Bxb7 Rab8 21. Rfe1 Nf5 {And now ...Nd4 would win.} 22. Qg2 (22. Ne2 $142) 22... Nd4 {Threatens to win with ...Rxb7!} 23. Rac1 $2 {[%mdl 8192] [#]} (23. Qxh3 $17 {is tougher.} Bxh3 24. Be4) 23... Rxb7 $1 {[%mdl 512] Weighted Error Value: White=0.60/Black=0.09} 0-1

[Event "Montenegro Festival Mix-01 2021"]
[Site "Podgorica"]
[Date "2021.03.20"]
[Round "3.4"]
[White "Sukovic, Andrej"]
[Black "Djukic, Nikola"]
[Result "1-0"]
[WhiteElo "2282"]
[BlackElo "2521"]
[Annotator "TA"]
[PlyCount "85"]
[EventDate "2021.02.26"]
[EventType "swiss"]
[EventCountry "MNE"]
[SourceTitle "playchess.com"]
[Source "ChessBase"]
[SourceQuality "1"]

{[%evp 23,85,22,22,20,31,31,27,29,30,32,29,30,44,42,36,29,53,10,27,19,39,50,39,28,85,65,102,93,108,102,126,129,141,145,135,137,181,168,193,189,189,175,194,188,226,208,250,214,210,216,300,270,270,256,302,269,342,270,264,238,858,826,926,929]} 1. e4 c5 2. Nf3 Nc6 3. d4 cxd4 4. Nxd4 g6 5. Nc3 Bg7 6. Be3 Nf6 7. Bc4 O-O 8. Bb3 d6 9. f3 Qa5 10. Qd2 Nxd4 11. Bxd4 Be6 12. O-O-O b5 13. Kb1 {B77: Sicilian Dragon: Yugoslav Attack, 9 Bc4 sidelines.} b4 14. Bxe6 fxe6 15. Ne2 $1 {White has an edge.} Qb5 {[#]} 16. Rc1 $146 ({Predecessor:} 16. h4 e5 17. Be3 a5 18. Qd3 Qxd3 19. Rxd3 Rfb8 20. a4 bxa3 21. Rxa3 d5 22. exd5 Nxd5 {½-½ (40) Tulfer,P (2525)-Lecroq,M (2594) ICCF email 2016}) 16... Rfc8 17. Qd3 Qd7 18. h4 e5 19. Be3 e6 20. Rhd1 d5 21. exd5 exd5 22. Bg5 Qf7 23. Bxf6 Bxf6 (23... Qxf6 $11 {remains equal.} 24. Qxd5+ Kh8) 24. Qxd5 $16 {White now steadily converts the win.} Bxh4 25. Qxf7+ Kxf7 {[#]} 26. Rh1 $1 {[%cal Rh1h4]} Bf2 27. Rcf1 Be3 28. Rxh7+ Ke6 29. Rh4 Bc5 30. Rg4 Rg8 31. Nc1 a5 32. Nd3 Bd6 33. Re1 Rae8 34. Rge4 Kd5 35. c4+ bxc3 36. bxc3 Rc8 37. Kc2 Rge8 38. f4 g5 39. fxe5 ({But not} 39. fxg5 Re7 $18) 39... Be7 40. Ra4 Ra8 41. Rb1 {[#] Threatens to win with Rb6.} Rh8 $2 (41... Ke6 42. Rb6+ Kf7) 42. Rb6 $18 {[%csl Gc3][%cal Ra4d4]} Rh4 43. g4 {[%csl Gc3][%cal Ra4d4] Weighted Error Value: White=0.07/Black=0.22} 1-0